Billboard Top 100 2024 - Statistics

General Stats
  • This quiz has been taken 152 times
  • The average score is 32 of 100
Answer Stats
Number Artist Song % Correct
7 Sabrina Carpenter Espresso
93%
6 Kendrick Lamar Not Like Us
84%
3 Benson Boone Beautiful Things
80%
2 Shaboozey A Bar Song (Tipsy)
78%
15 Billie Eilish BIRDS OF A FEATHER
77%
22 Taylor Swift feat. Post Malone Fortnight
73%
16 Sabrina Carpenter Please Please Please
71%
1 Teddy Swims Lose Control
70%
18 Chappell Roan Good Luck, Babe!
69%
39 Eminem Houdini
68%
43 Dua Lipa Houdini
68%
24 Tyla Water
67%
62 Lady Gaga & Bruno Mars Die With A Smile
65%
53 Chappell Roan HOT TO GO!
65%
4 Post Malone feat. Morgan Wallen I Had Some Help
64%
69 Miley Cyrus Flowers
62%
32 Beyoncé Texas Hold 'Em
61%
86 Sabrina Carpenter Taste
60%
54 Mariah Carey All I Want for Christmas Is You
59%
13 Tate McRae Greedy
59%
26 Ariana Grande we can't be friends (wait for your love)
59%
10 Hozier Too Sweet
58%
57 Olivia Rodrigo Vampire
58%
12 Taylor Swift Cruel Summer
57%
21 Doja Cat Paint The Town Red
54%
11 Noah Kahan Stick Season
52%
74 Wham! Last Christmas
49%
8 Tommy Richman Million Dollar Baby
49%
5 Jack Harlow Lovin On Me
47%
89 Billie Eilish WILDFLOWER
47%
14 Future, Metro Boomin, & Kendrick Lamar Like That
46%
25 Sabrina Carpenter Feather
45%
48 Billie Eilish LUNCH
44%
38 ¥$: Ye & Ty Dolla $ign feat. Rich The Kid & Playboi Carti Carnival
41%
19 SZA Saturn
41%
92 Ariana Grande yes, and?
41%
35 Taylor Swift I Can Do It With a Broken Heart
40%
20 SZA Snooze
39%
47 Djo End of Beginning
33%
27 Dasha Austin
32%
23 Luke Combs Fast Car
32%
63 Artemas i like the way you kiss me
32%
59 Brenda Lee Rockin' Around The Christmas Tree
32%
46 Billie Eilish What Was I Made For?
32%
93 Tate McRae Exes
31%
66 Kendrick Lamar euphoria
29%
17 Doja Cat Agora Hills
28%
9 Zach Bryan feat. Kacey Musgraves I Remember Everything
28%
42 21 Savage Redrum
26%
100 Dua Lipa Dance The Night
25%
28 Morgan Wallen Last Night
25%
45 Drake feat. Sexyy Red & SZA Rich Baby Daddy
25%
99 Taylor Swift Down Bad
24%
41 Benson Boone Slow It Down
24%
73 Myles Smith Stargazing
24%
51 Future, Metro Boomin, Travis Scott, & Playboi Carti Type Shit
24%
52 FloyyMenor X Cris Mj Gata Only
23%
97 Travis Scott feat. Playboi Carti FE!N
22%
61 Drake feat. J. Cole First Person Shooter
22%
44 GloRilla Yeah Glo!
22%
29 Morgan Wallen feat. ERNEST Cowgirls
20%
49 Flo Milli Never Lose Me
20%
55 Sexyy Red Get It Sexyy
16%
33 Taylor Swift Is It Over Now? (Taylor's Version) [From the Vault]
16%
34 Marshmello & Kane Brown Miles On It
16%
83 Drake feat. Yeat IDGAF
15%
30 Zach Bryan Pink Skies
15%
91 Victoria Monet On My Mama
14%
40 GloRilla & Megan Thee Stallion Wanna Be
14%
71 Nicki Minaj feat. Lil Uzi Vert Everybody
13%
88 Nicki Minaj FTCU
13%
85 Gunna Fukumean
13%
76 Post Malone feat. Blake Shelton Pour Me A Drink
12%
94 Burl Ives A Holly Jolly Christmas
11%
68 Bobby Helms Jingle Bell Rock
11%
78 Paul Russell Lil Boo Thang
11%
82 Bad Bunny Monaco
11%
31 Morgan Wallen Thinkin' Bout Me
11%
50 Morgan Wallen Lies Lies Lies
10%
80 4batz feat. Drake Act II: Date @ 8
9%
75 Jelly Roll I Am Not Okay
9%
65 Jelly Roll with Lainey Wilson Save Me
9%
37 Luke Combs Ain't No Love In Oklahoma
8%
84 Parker McCollum Burn It Down
8%
79 Usher, Summer Walker, & 21 Savage Good Good
8%
56 Muni Long Made For Me
8%
67 HARDY Truck Bed
7%
58 Bryson Tiller Whatever She Wants
7%
36 Jessie Murph & Jelly Roll Wild Ones
7%
81 Koe Wetzel & Jessie Murph High Road
6%
72 Xavi La Diabla
6%
77 Chris Stapleton White Horse
6%
60 Warren Zeiders Pretty Little Poison
5%
70 Luke Combs Where the Wild Things Are
5%
96 Nate Smith Bulletproof
4%
98 Cody Johnson The Painter
4%
95 Tucker Wetmore Wind Up Missin' You
4%
90 Nate Smith World On Fire
4%
64 Jelly Roll Need A Favor
3%
87 Bailey Zimmerman Where It Ends
3%
No matching quizzes found
Score Distribution
Percent of People with Each Score
Percentile by Number Answered
Your Score History
You have not taken this quiz